01055cam a2200265 a 45000010008000000030004000080050017000120080041000290100017000700200022000870200022001090400018001310500023001490820012001722450115001842600055002993000025003545000159003795000020005385040030005586500040005887000029006287000027006577100105006844314654OSt20180117085953.0871020s1988 dcu b 001 0 eng  a 87031233  a0309037875 (pbk.) a0309037921 (hard) aDLCcDLCdDLC00aBF637.S4bE56 198800a15821900aEnhancing human performance :bissues, theories, and techniques /cDaniel Druckman and John A. Swets, editors. aWashington, D.C. :bNational Academy Press,c1988. axi, 299 p. ;c23 cm. a"Committee on Techniques for the Enhancement of Human Performance, Commission on Behavioral and Social Sciences and Education, National Research Council." aIncludes index. aBibliography: p. 209-231. 0aPerformancexPsychological aspects.1 aDruckman, Daniel,d1939-1 aSwets, John A.,d1928-2 aNational Research Council (U.S.).bCommittee on Techniques for the Enhancement of Human Performance.